Facultad de Derecho – Universidad Nacional de Mar del Plata

Un Siglo de existencia del Juzgado de Paz de Mar del Plata. 1880 1979 (Record no. 4218)

MARC details
000 -CABECERA
campo de control de longitud fija 00575nam a22001697a 4500
080 ## - NUMERO DE CLASIFICACION DECIMAL UNIVERSAL (CDU)
Número de la Clasificación Decimal Universal 347.995 Ac 64
100 ## - ASIENTO PRINCIPAL--NOMBRE PERSONAL
Nombre personal Acosta, Miguel Angel
245 ## - MENCION DE TITULO
Título propiamente dicho Un Siglo de existencia del Juzgado de Paz de Mar del Plata. 1880 1979
Parte restante del título trayectoria durante los primeros veinticinco años en particular la competencia mercantil
260 ## - PUBLICACION, DISTRIBUCION, ETC. (PIE DE IMPRENTA)
Lugar de publicación, distribución, etc. Mar del Plata
Nombre del editor, distribuidor, etc. Universidad Nacional de Mar del Plata
Fecha de publicación, distribución, etc. S/F
300 ## - DESCRIPCION FISICA
Extensión 39 P.
650 ## - ASIENTO SECUNDARIO DE MATERIA - TERMINO TEMATICO
Subdivisión general juzgado de Paz
650 ## - ASIENTO SECUNDARIO DE MATERIA - TERMINO TEMATICO
Subdivisión general Mar del Plata
650 ## - ASIENTO SECUNDARIO DE MATERIA - TERMINO TEMATICO
Subdivisión general decreto 715
650 ## - ASIENTO SECUNDARIO DE MATERIA - TERMINO TEMATICO
Subdivisión general ley 9229
942 ## - ELEMENTOS AGREGADOS (KOHA)
Clasificación normalizada de Koha para alfabetizar _
945 ## - INFORMACION DE PROCESAMIENTO LOCAL
Responsable de carga/modificación Celeste Delía
AAAA-MM-DD - Fecha de ingreso/modificación 2015-11-06
Holdings
Retirado Perdido Fuente de clasificación Dañado No se presta Ubicación permanente Locación actual Estante o sala Fecha de adquisición Total préstamos Signatura topográfica Inventario Ultima fecha vista Fecha del precio Tipo de item de Koha
          Bib. Derecho Bib. Derecho Sala de Lectura 06/11/2015   347.995 Ac 64 203229 06/11/2015 06/11/2015 LIBRO (Consulta)

XHTML | CSS | ©Biblioteca Central - Dto. Tecnología de la Información - [ Con tecnología Koha ]